000 00283nam a22001217a 4500
008 230619b xxu||||| |||| 00| 0 eng d
082 _a301.63
_bGIB
100 _bHenry Gibbs
245 _aAfrica on a tifhtrope
260 _alondon
_bJarrolds LTD
300 _a200p
942 _2ddc
_cBK
999 _c1295
_d1295